[Event "Ruhrgebiet Verbandsklasse Gruppe 1 1617"]
[White "Beierlein, Martin"]
[Black "Irlaender, Walter"]
[Site "Germany"]
[Round "9.4"]
[Result "1-0"]
[Date "2017.04.30"]
[WhiteElo "1818"]
[BlackElo "1872"]
[PlyCount "65"]
[EventDate "2016.09.04"]
[EventType "team-tourn"]
[EventRounds "9"]
[EventCountry "GER"]
[SourceTitle "EXT 2022"]
[Source "ChessBase"]
[SourceDate "2021.10.06"]
[SourceVersion "1"]
[SourceVersionDate "2021.10.06"]
[SourceQuality "1"]
[WhiteTeam "Oberhausen SV III"]
[BlackTeam "Unna SV"]
[WhiteTeamCountry "GER"]
[BlackTeamCountry "GER"]

1. d4 d5 2. Nf3 e6 3. c4 c6 4. Nc3 f5 5. g3 Nf6 6. Bg2 Bd6 7. 0-0 0-0 8. Bg5 Nbd7 9. cxd5 exd5 10. Rc1 Qe8 11. e3 Ne4 12. Ne2 Nxg5 13. Nxg5 Qe7 14. h4 Nf6 15. Nf4 Bxf4 16. exf4 Ne4 17. Nf3 Qb4 18. Rc2 a5 19. Re1 Bd7 20. Ne5 Be8 21. Re3 a4 22. g4 Qe7 23. g5 Qd6 24. h5 Rc8 25. Rh3 c5 26. h6 g6 27. Bxe4 fxe4 28. Qd2 Qe6 29. Rg3 cxd4 30. Rxc8 Qxc8 31. Qxd4 Qc1+ 32. Kg2 Bc6 33. Nxg6 1-0

[Event "Ruhrgebiet Verbandsklasse Gruppe 1 1415"]
[White "Vengels, Joachim"]
[Black "Irlaender, Walter"]
[Site "Germany"]
[Round "6"]
[Result "1/2-1/2"]
[Date "2015.02.08"]
[WhiteElo "1984"]
[BlackElo "1796"]
[PlyCount "85"]
[EventDate "2014.09.21"]
[EventType "team-tourn"]
[EventRounds "9"]
[EventCountry "GER"]
[SourceTitle "EXT 2022"]
[Source "ChessBase"]
[SourceDate "2021.10.06"]
[SourceVersion "1"]
[SourceVersionDate "2021.10.06"]
[SourceQuality "1"]
[WhiteTeam "Hervest Dorsten"]
[BlackTeam "Unna SV"]
[WhiteTeamCountry "GER"]
[BlackTeamCountry "GER"]

1. e4 e5 2. d4 exd4 3. Nf3 Nc6 4. Bc4 Nf6 5. e5 d5 6. Bb5 Ne4 7. Nxd4 Bd7 8. Bxc6 bxc6 9. 0-0 Be7 10. Nd2 Nxd2 11. Bxd2 c5 12. Ne2 0-0 13. Re1 Rb8 14. b3 Bg4 15. f3 Bf5 16. Be3 Qd7 17. Bf2 Rfd8 18. Nf4 Qc6 19. Qe2 Bg5 20. Nd3 c4 21. Nc5 Be7 22. Na4 d4 23. Red1 d3 24. cxd3 cxd3 25. Qe3 Ba3 26. Be1 Rd5 27. Bc3 a6 28. Rd2 Qxa4 29. bxa4 Bc5 30. Kf2 Bxe3+ 31. Kxe3 c5 32. g4 Bd7 33. Rxd3 Rxd3+ 34. Kxd3 Bxa4 35. Kc4 Rc8 36. Ba5 Bc6 37. f4 Bb5+ 38. Kc3 Kf8 39. h3 Ke7 40. Rd1 Ke6 41. Rd6+ Ke7 42. Rd2 Bf1 43. h4 1/2-1/2

[Event "Ruhrgebiet Verbandsklasse Gruppe 1 1415"]
[White "Irlaender, Walter"]
[Black "Schneider, Markus"]
[Site "Germany"]
[Round "5.4"]
[Result "0-1"]
[Date "2015.01.18"]
[WhiteElo "1796"]
[BlackElo "1918"]
[PlyCount "36"]
[EventDate "2014.09.21"]
[EventType "team-tourn"]
[EventRounds "9"]
[EventCountry "GER"]
[SourceTitle "EXT 2022"]
[Source "ChessBase"]
[SourceDate "2021.10.06"]
[SourceVersion "1"]
[SourceVersionDate "2021.10.06"]
[SourceQuality "1"]
[WhiteTeam "Unna SV"]
[BlackTeam "Mengede SG"]
[WhiteTeamCountry "GER"]
[BlackTeamCountry "GER"]

1. e4 c5 2. d4 cxd4 3. c3 Nf6 4. e5 Nd5 5. Qxd4 e6 6. Nf3 Nc6 7. Qe4 f5 8. exf6 Nxf6 9. Qc2 d5 10. Bb5 Bd6 11. Bg5 0-0 12. Bd3 h6 13. Bh7+ Kh8 14. h4 Qc7 15. Bg6 e5 16. Bxf6 Rxf6 17. h5 e4 18. Nh4 Nb4 0-1

[Event "Ruhrgebiet VK2 0910"]
[White "Bautz, Volker"]
[Black "Irlaender, Walter"]
[Site "Ruhrgebiet"]
[Round "5.5"]
[Result "1/2-1/2"]
[Date "2010.01.10"]
[WhiteElo "1811"]
[BlackElo "1908"]
[PlyCount "101"]
[EventDate "2009.09.06"]
[EventType "team"]
[EventRounds "9"]
[EventCountry "GER"]
[SourceTitle "EXT 2011"]
[Source "ChessBase"]
[SourceDate "2010.11.26"]
[SourceVersion "1"]
[SourceVersionDate "2010.11.26"]
[SourceQuality "1"]
[WhiteTeam "Bochum SV II"]
[BlackTeam "Unna SV"]
[WhiteTeamCountry "GER"]
[BlackTeamCountry "GER"]

1. d4 Nf6 2. Nc3 d5 3. Bg5 c6 4. f3 Nbd7 5. e4 dxe4 6. Bc4 Qa5 7. Qd2 Nb6 8. Bb3 e3 9. Bxe3 Nfd5 10. Nge2 Bf5 11. 0-0 e6 12. a3 Bd6 13. Ne4 Qxd2 14. Nxd6+ Kd7 15. Bxd2 Kxd6 16. c4 Bd3 17. cxd5 Bxe2 18. Bf4+ Kd7 19. dxe6+ fxe6 20. Rfe1 Bc4 21. Bc2 Ke7 22. Rad1 Nd7 23. Re3 Kf7 24. Rde1 Rae8 25. Rc3 Bd5 26. h4 g6 27. Kf2 Kg7 28. Bd6 Rhg8 29. b4 a6 30. Rce3 Nb6 31. Bg3 Nc4 32. Rc3 Rgf8 33. a4 b5 34. a5 h6 35. Bd3 g5 36. hxg5 hxg5 37. Rh1 e5 38. Rh7+ Kg8 39. dxe5 Nxe5 40. Bxe5 Rxe5 41. Ra7 g4 42. Rxa6 Rf4 43. Ra8+ Kg7 44. a6 gxf3 45. g3 Rxb4 46. Ra3 Rb2+ 47. Kf1 Rh5 48. Ra7+ Kf6 49. Rh7 Rxh7 50. Bxh7 Bc4+ 51. Bd3 1/2-1/2

[Event "Ruhrgebiet VK2 0708"]
[White "Irlaender, Walter"]
[Black "Bremer, Joachim"]
[Site "Germany"]
[Round "2.5"]
[Result "1-0"]
[Date "2007.10.21"]
[WhiteElo "1919"]
[BlackElo "1806"]
[PlyCount "51"]
[EventDate "2007.09.16"]
[EventType "team-tourn"]
[EventRounds "9"]
[EventCountry "GER"]
[SourceTitle "EXT 2009"]
[Source "ChessBase"]
[SourceDate "2008.11.26"]
[SourceVersion "1"]
[SourceVersionDate "2008.11.26"]
[SourceQuality "1"]
[WhiteTeam "Unna SV"]
[BlackTeam "Altstadt RE II"]
[WhiteTeamCountry "GER"]
[BlackTeamCountry "GER"]

1. d4 f5 2. h3 Nf6 3. g4 d5 4. g5 Ne4 5. Bf4 e6 6. h4 Bd6 7. Nh3 Bxf4 8. Nxf4 Qd6 9. Nd3 Nc6 10. c3 Bd7 11. Nd2 b6 12. Nf3 a5 13. e3 Rf8 14. Rg1 Qe7 15. Nde5 Nxe5 16. Nxe5 0-0-0 17. Qd3 Kb8 18. Qa6 Nd6 19. b4 a4 20. b5 f4 21. Rb1 fxe3 22. fxe3 Rf5 23. Rb4 Nb7 24. Rxa4 Na5 25. Rxa5 bxa5 26. Nc6+ 1-0